Polskie miasta na K według podpowiedzi - Statystyki

Ogólne statystyki
  • Ten quiz został rozwiązany 202 razy
  • Średni wynik to 7 z 10
Statystyki odpowiedzi
Podpowiedź Miasto % Poprawnych
Słynie z obwarzanek i lajkoników. Kraków
96%
Słynie z majonezu i dworca autobusowego wyglądającego jak UFO. Kielce
94%
Znajdują się tam biurowce .KTW. Katowice
85%
Popularny kurort nadmorski nad Parsętą. Kołobrzeg
80%
Popularna miejscowość wypoczynkowa w Karkonoszach. Karpacz
66%
Jego dewizą jest Najstarsze miasto Polski. Kalisz
64%
Historycznie czeskie miasto, w którym mieści się słynna twierdza. Kłodzko
52%
Najbardziej zniszczone polskie miasto po IIWŚ, dawny gospodarz Pol'and'Rock Festival. Kostrzyn nad Odrą
48%
Na jego obszarze urodził się Władysław Gomułka, Miasto Szkła. Krosno
41%
Małe miasto nad Wisłą z kamienicami Przybyłów, kręcono tam Wołyń. Kazimierz Dolny
26%
Nie znaleziono quizów pasujących do podanych kryteriów
Rozkład punktacji
Procent ludzi z każdym wynikiem
Percentyl według liczby udzielonych odpowiedzi
Twoja historia wyników
Nie rozwiązałeś tego quizu